[Event "6th ch-EURw"]
[Site "Chisinau MDA"]
[Date "2005.06.21"]
[Round "10"]
[White "Foisor,C"]
[Black "Pokorna,Reg"]
[Result "1-0"]
[WhiteElo "2406"]
[BlackElo "2374"]

1.Nf3 d5 2.g3 Nf6 3.Bg2 c6 4.h3 Bf5 5.d3 h6 6.Nc3 Nbd7 7.O-O Bh7 8.Nd2 d4
9.Nce4 e5 10.c3 Be7 11.Nxf6+ Nxf6 12.Qb3 Qb6 13.Nc4 Qxb3 14.axb3 Nd7 15.Na5 O-O-O
16.b4 Nb6 17.b5 cxb5 18.Bxb7+ Kc7 19.cxd4 Nd5 20.dxe5 Bb4 21.Bxd5 Rxd5 22.Be3 Bxa5
23.Rxa5 Ra8 24.f4 a6 25.g4 Kb7 26.Rc1 Re8 27.Kf2 g5 28.Rc2 gxf4 29.Bxf4 Re6
30.Ra1 Bg6 31.Rac1 Rd7 32.Rc8 h5 33.gxh5 Bxh5 34.Rh8 Bg6 35.Rcc8 f6 36.Rb8+ Kc6
37.Rhc8+ Kd5 38.Rd8 Rxd8 39.Rxd8+ Kc6 40.exf6 Rxf6 41.Kg3 b4 42.e4 a5 43.Be5 Re6
44.Kf4 Bf7 45.d4 Rh6 46.d5+ Kb5 47.Rh8 Rxh8 48.Bxh8 Bh5 49.h4 Kc5 50.Kf5 Kd6
51.Bg7 Bf3 52.Bf8+ Kd7 53.Bc5 Ke8 54.Kf4  1-0

[Event "6th EICC"]
[Site "Warsaw POL"]
[Date "2005.06.21"]
[Round "4"]
[White "Markowski,T"]
[Black "Lputian,S"]
[Result "1/2-1/2"]
[WhiteElo "2560"]
[BlackElo "2640"]

1.g3 d5 2.Nf3 Nf6 3.Bg2 e6 4.O-O Be7 5.d4 O-O 6.c4 c6 7.Qc2 Nbd7 8.b3 b6
9.Bb2 Ba6 10.Nbd2 Rc8 11.Rac1 c5 12.Qb1 dxc4 13.Nxc4 Bb7 14.dxc5 Bxc5 15.Rfd1 Qe7
16.Ne1 Bxg2 17.Kxg2 b5 18.Na5 e5 19.Qd3 a6 20.b4 Bb6 21.Nc6 Qe6 22.Qd6 Rce8
23.Qxe6 Rxe6 24.Nf3 e4 25.Ng5 Ree8 26.Rd6 h6 27.Nh3 Re6 28.Rcd1 Rfe8 29.Nf4 Rxd6
30.Rxd6 Bc7 31.Rd1 Bxf4 32.gxf4 Re6 33.Na5 e3 34.f3 Nb6 35.f5 Re8 36.Bxf6 gxf6
37.Rd6 Na4 38.a3 Kg7 39.Rd3 Re5 40.Nc6 Rxf5 41.h4 Nb2 42.Rxe3 Rd5 43.Re8 Rd6
44.Ne7 Kh7 45.e4 Nc4 46.Rf8 Kg7 47.Ra8 Kh7 48.Kg3 Rd3 49.Rxa6 Nd2 50.Kf2 Nxf3
51.Nf5 Kg6 52.Ke2 Ne5 53.Ne7+ Kg7 54.Ra8 h5 55.Ra5 Rh3 56.Rxb5 Rxa3 57.Rb8 Rb3
58.Kd1 Rb2 59.b5 Nd7 60.Nf5+ Kh7 61.Rb7 Nc5 62.Rxf7+ Kg8 63.Rxf6 Nxe4 64.Rg6+ Kf7
65.Rb6 Rxb5  1/2-1/2

[Event "III Summer"]
[Site "Alushta UKR"]
[Date "2005.06.22"]
[Round "6"]
[White "Belikov,V"]
[Black "Feoktistov,A"]
[Result "1-0"]
[WhiteElo "2517"]
[BlackElo "2434"]

1.Nf3 d5 2.g3 g6 3.Bg2 Bg7 4.d4 Nh6 5.O-O O-O 6.Nbd2 Nf5 7.c3 Nd6 8.Re1 Bf5
9.Nh4 Be6 10.e4 dxe4 11.Nxe4 Nxe4 12.Bxe4 c6 13.Bg2 Nd7 14.Rxe6 fxe6 15.Qb3 Nb6
16.Qxe6+ Kh8 17.Qh3 Kg8 18.Qe6+ Kh8 19.Qh3 Qe8 20.Nf3 Qd7 21.Qh4 e5 22.Ng5 Bf6
23.Bh3 Qe7 24.dxe5 Bxe5 25.Qe4 Nd5 26.Ne6 Bf6 27.Bh6 Rfe8 28.Qf3 Kg8 29.Re1 Qf7
30.Re4 Re7 31.c4 Nb6 32.Rf4 Nd7 33.Ng5 Re1+ 34.Kg2 Qe7 35.Ne4 Bxb2 36.Bg5 Rxe4
37.Bxe7 Rxe7 38.Qb3 Be5 39.c5+ Kg7 40.Rc4 Rae8 41.Bxd7 Rxd7 42.Re4 Rde7 43.Rb4 Rb8
44.Re4 Rbe8 45.Rb4 Rb8 46.h4 Bf6 47.Qd3 Rf8 48.Kh3 Rff7 49.Re4 Rd7 50.Qe3 Rd5
51.f4 h5 52.Re6 Rfd7 53.Re8 Rd1 54.f5 R7d2 55.Qf3 gxf5 56.Re2 Rxe2 57.Qxe2 Rd5
58.Qxh5 Rxc5 59.Qe8 Rc4 60.h5 Rg4 61.Qd7+ Kh6 62.Qxf5 Rg5 63.Qxf6+ Kxh5 64.g4+  1-0

[Event "Friendship IM"]
[Site "Cartak CZE"]
[Date "2005.06.22"]
[Round "7"]
[White "Starostits,I"]
[Black "Kulovana,E"]
[Result "1-0"]
[WhiteElo "2450"]
[BlackElo "2153"]

1.Nf3 d5 2.g3 Bg4 3.Bg2 Nd7 4.c4 c6 5.cxd5 cxd5 6.Qb3 Bxf3 7.Bxf3 Qc7 8.Nc3 e6
9.d4 Qb6 10.O-O Ngf6 11.Bf4 Be7 12.Nb5 O-O 13.Bc7 Qa6 14.a4 Rfc8 15.Rfc1 b6
16.e3 Qb7 17.Bd6 Bd8 18.Ba3 Ne8 19.Qb4 a5 20.Qe1 Rxc1 21.Rxc1 Rc8 22.Rxc8 Qxc8
23.e4 dxe4 24.Qxe4 Ndf6 25.Qe5 Bc7 26.Qe1 Bb8 27.Qc3 Qxc3 28.bxc3 Nc7 29.c4 Nxb5
30.axb5 Bc7 31.Kf1 Ne8 32.c5 f5 33.Ke2 Nf6 34.Kd3 Kf7 35.cxb6 Bxb6 36.Bc6 Ng4
37.Bc5 Bc7 38.b6 Bb8 39.d5 exd5 40.Bxd5+ Kf6 41.f4 Nxh2 42.Bd4+ Ke7 43.Be5 Bxe5
44.fxe5 Ng4 45.Kd4 Kd8 46.e6 Kc8 47.e7 Nf6 48.Bc6 a4 49.Bxa4 Kb7 50.Ke5 Kxb6
51.Kxf5 Kc7 52.Ke6 h5 53.Bd1 Ne8 54.Bxh5 Nf6 55.e8=N+  1-0

[Event "6th ch-EURw"]
[Site "Chisinau MDA"]
[Date "2005.06.22"]
[Round "11"]
[White "Harbuz,D"]
[Black "Bulmaga,I"]
[Result "0-1"]
[WhiteElo "2040"]
[BlackElo "2046"]

1.Nf3 d5 2.g3 c6 3.Bg2 Nf6 4.O-O Bg4 5.b3 Nbd7 6.Bb2 e6 7.d3 Bd6 8.c4 O-O
9.Nc3 Qe7 10.cxd5 exd5 11.h3 Bh5 12.Nh4 Bg6 13.Nxg6 hxg6 14.e4 dxe4 15.dxe4 Ba3
16.Bxa3 Qxa3 17.Qe2 Rfe8 18.Rad1 a5 19.Rd4 Nb6 20.Nb1 Qe7 21.Rfd1 c5 22.Rd6 Nc8
23.R6d3 Na7 24.Re3 Nc6 25.e5 Nd7 26.Bxc6 bxc6 27.f4 a4 28.Nc3 axb3 29.axb3 Rab8
30.Ne4 Nf8 31.Nd6 Red8 32.Qf3 Qc7 33.g4 Ne6 34.f5 Nd4 35.Qg3 Rxb3 36.Rde1 Rxe3
37.Rxe3 Nb5 38.fxg6 fxg6 39.Rd3 Nxd6 40.exd6 Qd7 41.Qf4 Qe6 42.Rd1 c4 43.Qg5 Rxd6
44.Ra1 Rd7 45.Ra8+ Kf7 46.Qf4+ Qf6 47.Qxc4+ Ke7 48.Qe4+ Kd6 49.Qb4+ Kd5 50.Ra5+ Ke6
51.Qc4+ Ke7 52.Qe2+ Kf7 53.Qc4+ Qe6 54.Qf4+ Kg8 55.Ra8+ Kh7 56.Ra1 Qb3 57.Rf1 c5
58.g5 c4 59.Qh4+ Kg8 60.Qg4 Rd3 61.Kg2 Rd2+ 62.Rf2 Qb7+ 63.Kg3 Qc7+ 64.Qf4 Rd3+
65.Kg2 Qc8 66.Qg4 Qc6+ 67.Kh2 Qd6+ 68.Qf4 Qc6 69.Rb2 Rd8 70.Rc2 c3 71.Qe3 Qd6+
72.Kg2 Qd5+ 73.Kg3 Qd6+ 74.Kg2 Qc6+ 75.Kg3 Rc8 76.Qf3 Qc7+ 77.Qf4 Qc5 78.Qf2 Qxg5+
79.Kh2 Qe5+ 80.Kg2 Rf8 81.Qe2 Qd5+ 82.Kg3 Qc6 83.Qe3 Rc8 84.Kh2 Qd6+ 85.Kg2 Qd5+
86.Kg3 Qc4 87.Kg2 Qb3 88.Qe2 Kh8 89.Qd3 Kh7 90.Kf2 Qc4 91.Qxc4 Rxc4 92.Ke2 Kh6
93.Kd3 Rc7 94.Ke2 Kg5 95.Kd1 Kh4 96.Rg2 Rc6 97.Rf2 Kxh3 98.Rf7 c2+ 99.Kc1 g5
100.Rxg7 g4 101.Rh7+ Kg2 102.Rh4 Rc4 103.Rh5 g3 104.Rf5 Kg1 105.Rh5 g2 106.Rh7 Kf2
107.Rf7+ Kg3  0-1

[Event "White Nights"]
[Site "St Petersburg RUS"]
[Date "2005.06.22"]
[Round "5"]
[White "Yerastov,A"]
[Black "Silivanov,S"]
[Result "1-0"]
[WhiteElo "2229"]
[BlackElo "2368"]

1.Nf3 d5 2.g3 Nf6 3.Bg2 c6 4.O-O h6 5.d3 Bf5 6.Nbd2 e6 7.Qe1 Be7 8.e4 dxe4
9.dxe4 Bh7 10.Qe2 O-O 11.Ne5 Nbd7 12.Nd3 a5 13.a4 Qc7 14.b3 Rad8 15.Nc4 Nc5
16.Bf4 Qd7 17.Nxc5 Bxc5 18.Rad1 Qe7 19.Nxa5 e5 20.Bc1 Bg6 21.Kh1 Rd4 22.f3 Rfd8
23.Bb2 Rxd1 24.Rxd1 Rxd1+ 25.Qxd1 Qc7 26.Nc4 Nd7 27.Bh3 f5 28.Bxf5 Bxf5 29.exf5 b5
30.axb5 cxb5 31.Qd5+ Kh7 32.Nxe5 Nf6 33.Qc6 Qe7 34.Qxb5 Ba3 35.Bd4 Qd8 36.c3 Bb2
37.Qb7 Bxc3 38.Bxc3 Qd1+ 39.Kg2 Qc2+ 40.Kh3 Qxc3 41.Ng4 Ng8 42.Qf7 Qxf3 43.f6  1-0

[Event "6th EICC"]
[Site "Warsaw POL"]
[Date "2005.06.22"]
[Round "5"]
[White "Roiz,M"]
[Black "Tzermiadianos,And"]
[Result "1/2-1/2"]
[WhiteElo "2579"]
[BlackElo "2453"]

1.Nf3 d5 2.g3 Bg4 3.Bg2 Nd7 4.c4 e6 5.cxd5 exd5 6.O-O Ngf6 7.d3 Be7 8.Nc3 O-O
9.h3 Bxf3 10.Bxf3 d4 11.Ne4 Nxe4 12.Bxe4 Nc5 13.Bg2 a5 14.e4 dxe3 15.Bxe3 Qxd3
16.Rc1 Qxd1 17.Rfxd1 Ne6 18.Bxb7 Rab8 19.Bd5 Rxb2 20.Bxe6 fxe6 21.Rxc7 Bf6
22.Rd2 Rfb8 23.Rc4 Rxd2 24.Bxd2 Rb2 25.Bxa5 Rxa2 26.Bb6 Kf7 27.Be3 Ra5 28.Kg2 Rf5
29.Rc7+ Ke8 30.g4 Rd5 31.Kf3 h5 32.g5 Bxg5 33.Rxg7 Bf6 34.Rb7 Rf5+ 35.Kg3 Be5+
36.Kg2 Bf6 37.Kg3 Be5+ 38.f4 Bd6 39.Kf3 Bxf4 40.Bxf4 e5 41.Ke4 Rxf4+ 42.Kxe5 Rf3
43.h4 Kf8 44.Rh7 Kg8 45.Rxh5 Kg7 46.Ke4  1/2-1/2

[Event "6th EICC"]
[Site "Warsaw POL"]
[Date "2005.06.22"]
[Round "5"]
[White "Nalbandian,T"]
[Black "Kharlov,A"]
[Result "1/2-1/2"]
[WhiteElo "2508"]
[BlackElo "2628"]

1.Nf3 d5 2.g3 Bg4 3.Bg2 Nd7 4.O-O e6 5.d3 c6 6.Nbd2 Bd6 7.e4 Ne7 8.Qe1 O-O
9.h3 Bh5 10.Nh4 Ng6 11.Nxg6 Bxg6 12.f4 f5 13.Nf3 Qb6+ 14.Kh2 Rae8 15.e5 Be7
16.a4 a6 17.a5 Qc7 18.Nd4 Bf7 19.c4 dxc4 20.dxc4 c5 21.Nb3 Bh5 22.Be3 Rb8
23.Rf2 b6 24.axb6 Rxb6 25.Na5 Nb8 26.Rd2 Rd8 27.Ra3 Rb4 28.Qf2 Rxd2 29.Qxd2 Be8
30.g4 fxg4 31.hxg4 g5 32.fxg5 Bg6 33.Bf4 Bf8 34.b3 Nd7 35.Qe3 Rb6 36.Ra2 Bg7
37.Re2 Nf8 38.Rd2 Be8 39.Bg3 Rb8 40.Ra2 Ng6 41.Kh3 Bf8 42.Qe4 Bd7 43.Nb7 Bc8
44.Nd6 Rxb3 45.Qc6 Qxc6 46.Bxc6 Nxe5 47.Nxc8 Nxc6 48.Rxa6 Nd4 49.Kg2 Rb4
50.Nd6 Bxd6 51.Bxd6 Rxc4 52.Be5 Rc2+ 53.Kg3 Rc3+ 54.Kf4 Ne2+ 55.Ke4 Ng3+
56.Bxg3 Rxg3 57.Kf4 Rg1 58.Rxe6 c4 59.Rc6 Rc1 60.Ke3 c3  1/2-1/2

[Event "6th ch-EURw"]
[Site "Chisinau MDA"]
[Date "2005.06.23"]
[Round "12"]
[White "Zielinska,Mar"]
[Black "Grabuzova,T"]
[Result "1-0"]
[WhiteElo "2419"]
[BlackElo "2327"]

1.Nf3 d5 2.g3 c5 3.Bg2 Nf6 4.d3 Nc6 5.O-O Bg4 6.h3 Bh5 7.Nbd2 e6 8.e4 Be7
9.Re1 Qc7 10.c3 Rd8 11.Qe2 Nd7 12.exd5 exd5 13.g4 Bg6 14.b4 a6 15.a4 cxb4
16.cxb4 Nf8 17.b5 Nb4 18.Ba3 Ne6 19.Rac1 Qf4 20.Ne5 O-O 21.Ndf3 a5 22.Rcd1 Bd6
23.h4 Bxd3 24.Nxd3 Nxd3 25.Bxd6 Rxd6 26.Qxd3 Qxg4 27.Ng5 Nxg5 28.hxg5 Qxg5
29.Qg3 Qd8 30.Rd4 Qb6 31.Red1 Rg6 32.Qf3 h6 33.Qxd5 Rc8 34.Rf4 Qc7 35.Qf3 Re8
36.Rg4 Rxg4 37.Qxg4 Re5 38.Qd4 Qc2 39.Qd8+ Kh7 40.Qd3+ Qxd3 41.Rxd3 b6 42.Rd7 Re1+
43.Kh2 Kg6 44.Rb7 Re6 45.Bc6  1-0

[Event "Friendship IM"]
[Site "Cartak CZE"]
[Date "2005.06.24"]
[Round "9"]
[White "Jurek,J"]
[Black "Petr,Ma"]
[Result "0-1"]
[WhiteElo "2374"]
[BlackElo "2293"]

1.Nf3 d5 2.g3 e6 3.Bg2 Nf6 4.O-O Be7 5.c4 O-O 6.d4 c6 7.Qc2 Nbd7 8.b3 b6
9.Rd1 Ba6 10.Nbd2 Rc8 11.e4 c5 12.exd5 exd5 13.Bb2 cxd4 14.Nxd4 b5 15.Rac1 Qb6
16.Qf5 bxc4 17.Qg5 h6 18.Qh4 Bc5 19.Nf1 Ne5 20.Nf5 Bxf2+ 21.Kh1 Rfe8 22.Qf4 Nd3
23.Rxd3 cxd3 24.Nxh6+ Kf8 25.Rd1 Re2 26.Ba1 d4 27.Nf5 Bb7 28.Nh4 Nd5 29.Qg4 Ne3
30.Nxe3 Bxe3 31.Rf1 Bxg2+ 32.Nxg2 Qc6  0-1

[Event "6th EICC"]
[Site "Warsaw POL"]
[Date "2005.06.25"]
[Round "7"]
[White "Markowski,T"]
[Black "Galego,L"]
[Result "1/2-1/2"]
[WhiteElo "2560"]
[BlackElo "2493"]

1.g3 d5 2.Nf3 c6 3.Bg2 g6 4.c4 Bg7 5.Qa4 e6 6.O-O Nd7 7.Qb3 Ne7 8.d4 O-O
9.Nc3 b6 10.Rd1 Ba6 11.cxd5 cxd5 12.Bf4 Bc4 13.Qc2 Rc8 14.Rac1 a5 15.Qd2 Ba6
16.a4 Nf6 17.Ne5 Nh5 18.Nb5 Nxf4 19.Qxf4 Bxe5 20.dxe5 Bxb5 21.axb5 Qd7 22.Rxc8 Rxc8
23.e4 Qxb5 24.Qf6 Re8 25.h4 dxe4 26.Bxe4 Qa4 27.Qf3 Qb5 28.Qf6 Qa4 29.Qf3 Qb5
30.Qf6 h5 31.Rd6 Qc4 32.Bd3 Qc1+ 33.Kg2 Qc7 34.Rxe6 fxe6 35.Qxe6+ Kg7 36.Qf6+ Kh6
37.Qf4+  1/2-1/2

[Event "2nd RUS Pupils Summer Girls"]
[Site "Satka RUS"]
[Date "2005.06.27"]
[Round "1"]
[White "Kharashuta,E"]
[Black "Savina,A"]
[Result "0-1"]
[WhiteElo "2162"]
[BlackElo "1984"]

1.Nf3 d5 2.g3 Nf6 3.Bg2 c6 4.c4 e6 5.O-O Bd6 6.d4 O-O 7.b3 Nbd7 8.Bb2 Re8
9.Nc3 b6 10.Qc2 Ba6 11.Nd2 Rc8 12.e4 dxc4 13.Nxc4 Bxc4 14.bxc4 e5 15.d5 cxd5
16.cxd5 b5 17.a3 Qa5 18.Rfc1 Nb6 19.Qb3 a6 20.Na2 Qa4 21.Qxa4 Nxa4 22.Rxc8 Rxc8
23.Rc1 Rxc1+ 24.Bxc1 Nd7 25.Nb4 Ndc5 26.f3 a5 27.Nc2 Nb3 28.Be3 b4 29.axb4 axb4
30.Bf1 Na5 31.Ne1 b3 32.Bd3 b2 33.f4 f6 34.fxe5 fxe5 35.Nf3 Nc4 36.Bd2 Na3
37.Be3 b1=Q+ 38.Bxb1 Nxb1 39.g4 Nac3 40.Ng5 h6 41.Nf3 Nxe4 42.Nh4 Nbc3  0-1

[Event "6th EICC"]
[Site "Warsaw POL"]
[Date "2005.06.28"]
[Round "10"]
[White "Magalashvili,D"]
[Black "Matras,A"]
[Result "1-0"]
[WhiteElo "2445"]
[BlackElo "2280"]

1.Nf3 d5 2.g3 Nf6 3.Bg2 c6 4.O-O Bg4 5.d3 Nbd7 6.Nbd2 e6 7.b3 Be7 8.Bb2 O-O
9.h3 Bh5 10.e4 dxe4 11.dxe4 Qc7 12.Qe1 Rfe8 13.a3 Bxf3 14.Nxf3 e5 15.Nh4 Bf8
16.Nf5 Re6 17.Qe3 Ne8 18.Rad1 Nd6 19.Nh4 Nf6 20.Rfe1 Qb6 21.Qc1 Nb5 22.Nf3 Bc5
23.Rd2 Nd4 24.Nxe5 Nb5 25.Nc4 Qc7 26.e5 Nd5 27.Bxd5 cxd5 28.Rxd5 a6 29.Red1 Rh6
30.h4 Rg6 31.Qf4 Rf8 32.a4 Na7 33.Rxc5 Qxc5 34.Ba3 Qc7 35.Bxf8 Kxf8 36.Rd6 Nc6
37.h5 Rxd6 38.exd6 Qd7 39.h6 Qe6 40.hxg7+ Kxg7 41.Ne3 Kf8 42.c4 Ne5 43.c5 Nd7
44.Qd4 Ne5 45.Qe4 Nd7 46.Qxh7  1-0

[Event "6th EICC"]
[Site "Warsaw POL"]
[Date "2005.06.30"]
[Round "12"]
[White "Karlsson,L"]
[Black "Grigoriants,S RUS"]
[Result "1/2-1/2"]
[WhiteElo "2472"]
[BlackElo "2553"]

1.Nf3 d5 2.g3 Bg4 3.Bg2 Nd7 4.d4 e6 5.O-O c6 6.Nbd2 Ngf6 7.b3 Bd6 8.Bb2 O-O
9.c4 Qe7 10.Ne5 Bh5 11.Nd3 Rad8 12.c5 Bc7 13.f4 Bg6 14.Nf2 Ba5 15.Nf3 Ne4
16.Nd3 f6 17.b4 Bc7 18.Qa4 a6 19.Qc2 e5 20.dxe5 fxe5 21.Nfxe5 Bxe5 22.Bxe5 Ndf6
23.Bd4 Ng4 24.Qb2 h5 25.Ne5 Bf5 26.Bxe4 Bxe4 27.Nxg4 hxg4 28.f5 Rxf5  1/2-1/2

[Event "6th EICC"]
[Site "Warsaw POL"]
[Date "2005.06.30"]
[Round "12"]
[White "Krysztofiak,M"]
[Black "Kuraszkiewicz,M"]
[Result "1-0"]
[WhiteElo "2401"]
[BlackElo "2300"]

1.g3 d5 2.Nf3 c6 3.Bg2 Nf6 4.O-O Bf5 5.d3 h6 6.Nbd2 e6 7.Qe1 Be7 8.e4 Bh7
9.Qe2 O-O 10.c3 Nbd7 11.e5 Ne8 12.Ne1 f6 13.exf6 Rxf6 14.d4 Bd6 15.f4 Nc7
16.Nef3 c5 17.dxc5 Nxc5 18.Ne5 Qe8 19.Ndf3 Ne4 20.Be3 Qa4 21.Ng4 Rff8 22.Bd4 Nb5
23.Be5 Bc5+ 24.Kh1 Qc4 25.Qxc4 dxc4 26.a4 Nbd6 27.Nd4 Bf5 28.Ne3 Bg6 29.Rad1 Rfe8
30.Bf3 Rac8 31.Kg2 Nf6 32.Bxd6 Bxd6 33.Bxb7 Rb8 34.Bc6 Rxb2+ 35.Kg1 Bd3 36.Bxe8 Nxe8
37.Rf2 Rb6 38.Nxe6 Nf6 39.a5 Ra6 40.Rfd2 Be7 41.f5 Rxa5 42.Rb2 Ne4 43.Rb7 Bf6
44.Rb8+ Kf7 45.Nxc4 Bxc4 46.Rd7+  1-0

[Event "DS"]
[Site "Brno CZE"]
[Date "2005.07.01"]
[Round "2"]
[White "Marszalek,Mac"]
[Black "Pridal,O"]
[Result "1-0"]
[WhiteElo "2347"]
[BlackElo "2178"]

1.Nf3 d5 2.g3 Nf6 3.Bg2 c5 4.O-O Nc6 5.d3 e5 6.Nbd2 Bd6 7.e4 d4 8.Nc4 h6
9.a4 Be6 10.Nfd2 g5 11.c3 Qd7 12.cxd4 Nxd4 13.b3 Rd8 14.Ba3 O-O 15.Rc1 b6
16.Ne3 a5 17.Bb2 Bc7 18.Ndc4 Kg7 19.Re1 Rfe8 20.Bxd4 Qxd4 21.Bf1 Qd7 22.Qc2 Ng4
23.Nxg4 Bxg4 24.Ne3 Be6 25.Red1 Rh8 26.Rb1 f6 27.Qe2 h5 28.Bg2 Rh6 29.Rd2 Rdh8
30.Qd1 Kf7 31.Rbb2 Kf8 32.Qc2 g4 33.Nf5 Bxf5 34.exf5 h4 35.Be4 Qd4 36.Kf1 R6h7
37.Qd1 Rg7 38.Rbc2 Bd8 39.Rc4 Qd7 40.d4 exd4 41.Rcxd4 cxd4 42.Rxd4 Rhh7 43.Rxd7 Rxd7
44.Qxg4 hxg3 45.hxg3 Bc7 46.Bc6 Rde7 47.Bd5 Reg7 48.Qd4 Rh6 49.Qe3 Rh2 50.Qe6 Be5
51.Qc8+ Ke7 52.Be6 Rh1+ 53.Ke2 Kd6 54.Qf8+ Re7 55.Qd8+ Rd7 56.Qxd7+  1-0

[Event "Open A"]
[Site "Klatovy CZE"]
[Date "2005.07.02"]
[Round "1"]
[White "Krutina,M"]
[Black "Trmal,J"]
[Result "0-1"]
[WhiteElo "1985"]
[BlackElo "2293"]

1.Nf3 d5 2.g3 f5 3.b3 Nf6 4.Bb2 e6 5.d3 Bd6 6.Nbd2 Qe7 7.Ne5 Nbd7 8.Ndf3 O-O
9.Bg2 b6 10.O-O Bb7 11.Nxd7 Nxd7 12.d4 c5 13.e3 Rac8 14.Qe2 c4 15.c3 b5 16.Nd2 Nb6
17.b4 Na4 18.Nb1 Bc6 19.Bc1 Be8 20.f4 h6 21.a3 g5 22.Ra2 Rc7 23.Kf2 Qf6 24.Rh1 Rg7
25.Ke1 Bg6 26.Bf3 Kf7 27.Qd1 Ke7 28.Qe2 Kd7 29.Qf2 Kc7 30.Qe2 Rh8 31.Kd1 Be7
32.Bd2 Qf7 33.Kc1 h5 34.h4 gxh4 35.gxh4 Bf6 36.Be1 Qg8 37.Rg1 Qh7 38.Qh2 Rhg8
39.Rag2 Kd7 40.Ra2 Be8 41.Rag2 Rxg2 42.Rxg2 Rg4 43.Rg1 Qe7 44.Rh1 Rg8 45.Qe2 Qh7
46.Qh2 Bf7 47.Qe2 a5 48.Qd2 Ra8 49.Qh2 Qh8 50.Rg1 Ra6 51.Rg2 Nb6 52.Rb2 Kc6
53.Qe2 Be7 54.Ra2 Nd7 55.Rb2 Nf6 56.a4 axb4 57.axb5+ Kxb5 58.cxb4 Qa8 59.Nc3+ Kb6  0-1

[Event "ch-SWE"]
[Site "Goeteborg SWE"]
[Date "2005.07.03"]
[Round "2"]
[White "Andreasson,I"]
[Black "Brynell,S"]
[Result "0-1"]
[WhiteElo "2341"]
[BlackElo "2484"]

1.Nf3 d5 2.g3 Nf6 3.Bg2 c6 4.O-O Bg4 5.Ne5 Bh5 6.d4 e6 7.c4 Nbd7 8.Nc3 Be7
9.h3 Nxe5 10.dxe5 Nd7 11.cxd5 exd5 12.f4 f5 13.g4 Bg6 14.gxf5 Bxf5 15.e4 dxe4
16.Nxe4 Nc5 17.Nf2 Qxd1 18.Rxd1 Kf7 19.Be3 Rhd8 20.b4 Ne6 21.b5 cxb5 22.Bxb7 Rab8
23.Be4 g6 24.Bxa7 Rbc8 25.Rxd8 Bxd8 26.Rb1 Nxf4 27.Bxf5 gxf5 28.Rxb5 Ke6
29.Rb4 Rc1+ 30.Kh2 Nd5 31.Rb2 Bc7 32.Bb8 Bb6 33.Nd3 Rc4 34.a4 Be3 35.a5 Ra4
36.Kg2 Ra3  0-1

[Event "2nd RUS Pupils Summer Boys"]
[Site "Satka RUS"]
[Date "2005.07.03"]
[Round "6"]
[White "Moskalenko,A"]
[Black "Kiselev,Vi2"]
[Result "1-0"]
[WhiteElo "2355"]
[BlackElo "2250"]

1.Nf3 d5 2.g3 Nf6 3.Bg2 c6 4.O-O Bf5 5.d3 h6 6.Nbd2 Nbd7 7.Qe1 e5 8.e4 dxe4
9.dxe4 Be6 10.b3 Qc7 11.Bb2 O-O-O 12.Qe2 Ne8 13.a3 f6 14.b4 Nb6 15.Rac1 Na4
16.Ba1 c5 17.Nh4 c4 18.Nb1 Nd6 19.Nc3 Nxc3 20.Bxc3 Nb5 21.Qf3 Bd6 22.a4 Nxc3
23.Qxc3 Qb6 24.Rb1 Bc7 25.Nf5 Rd7 26.a5 Qb5 27.Ne3 Rhd8 28.Nd5 Bxd5 29.exd5 f5
30.Rfe1 Bd6 31.Rxe5 Bxe5 32.Qxe5 Rf7 33.c3 Re8 34.Qd4 Kb8 35.Rd1 f4 36.gxf4 Ref8
37.Qe5+ Ka8 38.d6 Qd7 39.a6 Rxf4 40.axb7+ Kb8 41.Bh3 Qd8 42.d7+ Kxb7 43.Bg2+  1-0

[Event "34th TCh-GRE"]
[Site "Ermioni Argolidas GRE"]
[Date "2005.07.04"]
[Round "1"]
[White "Pountzas,H"]
[Black "Svetushkin,D"]
[Result "1-0"]
[WhiteElo "2258"]
[BlackElo "2514"]

1.Nf3 d5 2.g3 Nf6 3.Bg2 c6 4.O-O Bg4 5.c4 e6 6.b3 Nbd7 7.Bb2 Bd6 8.d3 O-O
9.Nbd2 Qe7 10.Qc2 e5 11.e4 Rfe8 12.exd5 cxd5 13.Rae1 Qf8 14.h3 Bh5 15.Nh4 Rac8
16.g4 Bg6 17.Nxg6 hxg6 18.g5 Nh5 19.Bxd5 Nf4 20.Bg2 Bb4 21.Re3 Bc5 22.Rf3 Ne6
23.Ne4 Bd4 24.Bc1 Ndc5 25.Rg3 Qe7 26.Re1 Rcd8 27.h4 Qc7 28.Qd1 Nf4 29.Bxf4 exf4
30.Rh3 Qe5 31.Nf6+ gxf6 32.Rxe5 Rxe5 33.gxf6 Rde8 34.Qg4 Re1+ 35.Bf1 Ne6
36.h5 Re5 37.Bg2 Rg5 38.Qf3 Bxf6 39.hxg6 Rxg6 40.Qxb7 Ng5 41.Qd7 Nxh3+ 42.Kf1 Re6
43.Bxh3 Re7 44.Qc8+ Kg7 45.Bf5 Rg5 46.Be4 Bc3 47.Qd8 Bf6 48.Qd6 Rge5 49.Kg2 f3+
50.Kxf3 Bh4 51.Bd5 Re1 52.Kg4 Bf6 53.f4 R1e2 54.Kf5 Bh4 55.Be4 Re6 56.Qd4+ Rf6+
57.Kg4 Bf2 58.Qc3 Be3 59.f5 Rxa2 60.b4 Bd2 61.Qb3 Ra1 62.Qb2 Rg1+ 63.Kf3 Bg5  1-0

[Event "Open A"]
[Site "Klatovy CZE"]
[Date "2005.07.04"]
[Round "3"]
[White "Krutina,M"]
[Black "Hasek,V"]
[Result "1/2-1/2"]
[WhiteElo "1985"]
[BlackElo "2117"]

1.Nf3 d5 2.g3 Nf6 3.Bg2 c6 4.O-O Bf5 5.d3 Nbd7 6.c4 e6 7.Nc3 dxc4 8.dxc4 Bb4
9.Bd2 O-O 10.a3 Bxc3 11.Bxc3 Ne4 12.Bd4 Qc7 13.Nh4 Nd6 14.Nxf5 Nxf5 15.Bc3 Rfd8
16.Qc2 Ne5 17.Qe4 Ng6 18.c5 Nfe7 19.b4 Nd5 20.Bb2 a5 21.Qc4 axb4 22.axb4 b5
23.Qb3  1/2-1/2

[Event "4th Open"]
[Site "La Fere FRA"]
[Date "2005.07.04"]
[Round "3"]
[White "Velikov,P"]
[Black "Trens,Y"]
[Result "1-0"]
[WhiteElo "2422"]
[BlackElo "1993"]

1.Nf3 d5 2.g3 Bg4 3.Bg2 Nd7 4.c4 c6 5.cxd5 cxd5 6.Qa4 Nf6 7.Nc3 e6 8.Ne5 Bf5
9.g4 Bg6 10.h4 h6 11.Nxg6 fxg6 12.Bh3 Qb6 13.g5 Nh5 14.Nxd5 Qd6 15.Nc3 Be7
16.Qe4 Kf7 17.d4 Rad8 18.Rg1 Nf8 19.Be3 Qh2 20.Rh1 Qc7 21.O-O-O Bb4 22.Rd3 Qa5
23.Kb1 Rc8 24.Rc1  1-0

[Event "VISUS Open"]
[Site "Prague CZE"]
[Date "2005.07.04"]
[Round "3"]
[White "Ptak,P"]
[Black "Voloshin,L"]
[Result "0-1"]
[WhiteElo "2168"]
[BlackElo "2477"]

1.g3 d5 2.Nf3 c5 3.Bg2 Nc6 4.d4 e6 5.O-O Nf6 6.c4 dxc4 7.dxc5 Qxd1 8.Rxd1 Bxc5
9.Nbd2 c3 10.bxc3 Bd7 11.Nb3 Be7 12.Nfd4 Rc8 13.Bf4 Nxd4 14.cxd4 Nd5 15.Bd2 O-O
16.e4 Nc3 17.Bxc3 Rxc3 18.Rac1 Rfc8 19.Rxc3 Rxc3 20.Nc5 Bc8 21.e5 b6 22.Nd3 Ba6
23.Be4 Bc4 24.Nf4 g5 25.Ng2 Bxa2 26.Ra1 a5 27.Ne3 Bb3 28.Kg2 a4 29.Kf3 a3
30.Kg4 b5 31.Kh5 b4 32.h4 gxh4 33.gxh4 Kf8 34.Bxh7 Bc4 35.Rg1 Ke8 36.Rg8+ Kd7
37.Ra8 Be2+  0-1

[Event "Summer Open"]
[Site "Alushta UKR"]
[Date "2005.07.05"]
[Round "4"]
[White "Semiev,S"]
[Black "Feoktistov,A"]
[Result "0-1"]
[WhiteElo "2261"]
[BlackElo "2424"]

1.Nf3 d5 2.g3 Nf6 3.Bg2 c5 4.O-O Nc6 5.d4 e6 6.c4 dxc4 7.Qa4 cxd4 8.Nxd4 Qxd4
9.Bxc6+ Bd7 10.Rd1 Qxd1+ 11.Qxd1 Bxc6 12.Nc3 Bc5 13.e4 h5 14.h3 Rd8 15.Qe2 Rd3
16.Kh2 b5 17.a3 Bd4 18.f3 O-O 19.Na2 a5 20.Bg5 Be5 21.Rd1 Nxe4 22.Be7 Rxd1
23.Qxd1 Re8 24.fxe4 Rxe7 25.Qd8+ Re8 26.Qb6 Rc8 27.Qa6 Rc7 28.Nc3 h4 29.Nxb5 Bxe4
30.Qxa5 Rd7 31.Kg1 Rd1+ 32.Kf2 hxg3+ 33.Ke2 g2  0-1

[Event "DS"]
[Site "Brno CZE"]
[Date "2005.07.05"]
[Round "6"]
[White "Rogule,L"]
[Black "Bartos,J"]
[Result "1-0"]
[WhiteElo "2278"]
[BlackElo "2293"]

1.Nf3 d5 2.g3 Nf6 3.Bg2 Bf5 4.O-O e6 5.d3 h6 6.Nbd2 Be7 7.b3 c5 8.Bb2 O-O
9.Ne5 Bh7 10.e4 Qc7 11.Qe2 dxe4 12.dxe4 Nfd7 13.Nxd7 Nxd7 14.f4 Rfe8 15.Rad1 Rad8
16.Nc4 b5 17.Ne3 a6 18.c4 b4 19.Ng4 Nf6 20.Bxf6 Bxf6 21.Nxf6+ gxf6 22.Qg4+ Kh8
23.Qh4 Kg7 24.e5 Qe7 25.Bc6 Rf8 26.Bd7 Ra8 27.Rd6 Ra7 28.f5 Kh8 29.Qxh6 Rg8
30.fxe6 fxe6 31.Qxf6+ Qxf6 32.Rxf6 Bb1 33.Rfxe6 Bxa2 34.Ba4 Rg5 35.Re8+ Kg7
36.e6 Kf6 37.Rf8+ Ke7 38.Rd7+ Kxf8 39.e7+  1-0

[Event "Open"]
[Site "Barbera del Valles ESP"]
[Date "2005.07.06"]
[Round "3"]
[White "Moskalenko,V"]
[Black "Borges Mateos,J"]
[Result "1/2-1/2"]
[WhiteElo "2534"]
[BlackElo "2467"]

1.Nf3 d5 2.g3 c6 3.Bg2 Bg4 4.d3 Nd7 5.Nbd2 e6 6.h3 Bh5 7.O-O Bc5 8.e4 Ngf6
9.Qe1 O-O 10.Kh1 Bb6 11.Nh4 Ne8 12.f4 f5 13.Ndf3 Nd6 14.e5 Nf7 15.Nh2 Nh6
16.Bd2 a5 17.a4 Bc5 18.Bf3 Bxf3+ 19.N4xf3 Qb6 20.b3 Rfd8 21.Ng5 Nf8 22.Nhf3 Bb4
23.c3 Be7 24.Rb1 c5 25.Qe2  1/2-1/2

[Event "ZS"]
[Site "Brno CZE"]
[Date "2005.07.06"]
[Round "7"]
[White "Kozak,Mi"]
[Black "Volodin,V"]
[Result "1/2-1/2"]
[WhiteElo "2257"]
[BlackElo "2245"]

1.Nf3 d5 2.g3 Nf6 3.Bg2 e6 4.O-O c5 5.c4 dxc4 6.Qa4+ Bd7 7.Qxc4 b5 8.Qc2 Bc6
9.b3 Nbd7 10.Bb2 Be7 11.d3 O-O 12.Nbd2 Qb6 13.Rac1 Rac8 14.Qb1 Rfd8 15.Rfd1 h6
16.Qa1 a6 17.Bh3 Qb7 18.d4 Qb6 19.Bg2 Ne8 20.dxc5 Bxc5 21.Bd4 Bxd4  1/2-1/2

[Event "2nd RUS Pupils Summer Boys"]
[Site "Satka RUS"]
[Date "2005.07.06"]
[Round "9"]
[White "Khaustov,V"]
[Black "Airapetian,G"]
[Result "1/2-1/2"]
[WhiteElo "2107"]
[BlackElo "2179"]

1.Nf3 d5 2.g3 Nf6 3.Bg2 c6 4.d4 Bg4 5.O-O e6 6.Nbd2 Nbd7 7.Re1 Be7 8.e4 dxe4
9.Nxe4 Nxe4 10.Rxe4 Nf6 11.Re1 O-O 12.c3 Rc8 13.Qb3 Bxf3 14.Bxf3 Qd7 15.Bg5 h6
16.Bxf6 Bxf6 17.a4 a5 18.h4 Rfe8 19.Rad1 Qc7 20.Kg2 Rb8 21.Qc4 Rec8 22.Re3 b5
23.axb5 cxb5 24.Qxc7 Rxc7 25.d5 exd5 26.Rxd5 a4 27.Bd1 Ra7 28.Re4 a3 29.bxa3 Bxc3
30.Be2 Rxa3  1/2-1/2

[Event "Open A"]
[Site "Klatovy CZE"]
[Date "2005.07.08"]
[Round "7"]
[White "Turner,Ja"]
[Black "Folkova,M"]
[Result "1-0"]
[WhiteElo "2346"]
[BlackElo "2149"]

1.Nf3 d5 2.g3 g6 3.Bg2 Bg7 4.O-O e5 5.c4 c6 6.d3 Ne7 7.e4 O-O 8.Qe2 f6 9.cxd5 cxd5
10.exd5 Nxd5 11.d4 exd4 12.Nxd4 Nc7 13.Qc4+ Kh8 14.Nc3 Nd7 15.Bf4 Ne5 16.Bxe5 fxe5
17.Ndb5 Nxb5 18.Qxb5 a6 19.Qb3 Rb8 20.Rad1 Qe8 21.Qb6 Bg4 22.Rd6 e4 23.Nxe4 Qe5
24.Nc3 Rf6 25.Rd8+ Rxd8 26.Qxd8+ Rf8 27.Qb6 Qe6 28.Qxb7 Bd4 29.Ne4 Be2 30.Ng5 Qg8
31.Qe4 Qc4 32.Qe7 Bg7 33.Ne6 Rg8 34.Nxg7 Rxg7 35.Qf8+ Qg8 36.Qxg8+ Rxg8 37.Re1 Bb5
38.b3 Rc8 39.a4 Bd3 40.Bf1 Bxf1 41.Kxf1 Rc2 42.Re7 Rb2 43.Rb7 a5 44.h4 Kg8
45.Kg2 Kh8 46.Kf3 Kg8 47.Ke3 Kf8 48.f3 Kg8 49.Kf4 Rb1 50.Kg5 Rf1 51.f4 Rg1
52.Kf6  1-0